000 00464nam a2200193Ia 4500
005 20240823044948.0
008 240823s9999||||xx |||||||||||||| ||und||
020 _a0-7487-6858-0
041 _aENGLISH
082 _A371.1 P5
100 _aTrevor Kerry
245 0 _a"Learnign Objectives, Task Setting and Differentiation"
250 _a1st
260 _c2005
_bTnelson Th
500 _aYES
650 _aGeneral
_bGeneral
942 _cBK
999 _c213841
_d213841